[Event "Quebec op"]
[Site "Montreal"]
[Date "2023.07.30"]
[Round "3"]
[White "Dukic, Zachary"]
[Black "Turcotte, Jonathan"]
[Result "1-0"]
[WhiteElo "2196"]
[BlackElo "1921"]
[PlyCount "87"]
[EventDate "2023.07.29"]
[EventType "swiss"]
[EventRounds "9"]
[EventCountry "CAN"]
[SourceTitle "CBM 215 Extra"]
[Source "ChessBase"]
[SourceDate "2023.09.30"]
[SourceVersion "1"]
[SourceVersionDate "2023.09.30"]
[SourceQuality "1"]

1. e4 c6 2. Nc3 d5 3. Nf3 Bg4 4. h3 Bxf3 5. Qxf3 e6 6. Be2 Nf6 7. 0-0 Be7 8. d4 0-0 9. Rd1 dxe4 10. Nxe4 Nxe4 11. Qxe4 Nd7 12. Bf3 Nf6 13. Qd3 Qc7 14. Qb3 Rfd8 15. g3 Qb6 16. Kg2 Rd7 17. c4 Qxb3 18. axb3 a6 19. g4 h6 20. Be3 Rad8 21. h4 Nh7 22. Kh3 Bf6 23. d5 cxd5 24. cxd5 exd5 25. Bb6 Re8 26. Rxd5 Nf8 27. Rxd7 Nxd7 28. Be3 Bxb2 29. Ra2 Bc3 30. Bxb7 a5 31. Rc2 Bb4 32. Rc7 Re7 33. Rc8+ Kh7 34. Bd5 Nf6 35. Bc4 Rd7 36. Ra8 Ne4 37. Bb5 Rd6 38. Ra7 Kg8 39. Bc4 Rf6 40. Ra8+ Bf8 41. Kg2 Rg6 42. Bd3 Rxg4+ 43. Kf3 f5 44. Bc4+ 1-0

[Event "Quebec op"]
[Site "Laval"]
[Date "2022.09.04"]
[Round "6"]
[White "Turcotte, Jonathan"]
[Black "Chipanga, Takaedza"]
[Result "0-1"]
[WhiteElo "1940"]
[BlackElo "2012"]
[PlyCount "108"]
[EventDate "2022.09.01"]
[EventType "swiss"]
[EventRounds "9"]
[EventCountry "CAN"]
[SourceTitle "CBM 210 Extra"]
[Source "ChessBase"]
[SourceDate "2022.11.30"]
[SourceVersion "1"]
[SourceVersionDate "2022.11.30"]
[SourceQuality "1"]

1. d4 d5 2. c4 dxc4 3. e4 c5 4. Nf3 cxd4 5. Qxd4 Qxd4 6. Nxd4 a6 7. a4 Nf6 8. Nc3 e6 9. Bxc4 Bb4 10. f3 0-0 11. Bd2 Rd8 12. Nc2 Be7 13. Ke2 Nc6 14. Be3 Bd7 15. Bb6 Rdc8 16. Ba2 Be8 17. Bf2 b5 18. axb5 axb5 19. Bb1 b4 20. Rxa8 Rxa8 21. Nb5 Rb8 22. Nbd4 Na5 23. Ne3 g6 24. Bg3 Rc8 25. Bd3 Nh5 26. Ra1 Nxg3+ 27. hxg3 Bd8 28. Bb5 Nb3 29. Nxb3 Bxb5+ 30. Kd2 Bf6 31. Ra5 Rb8 32. Kc2 Bd8 33. Rxb5 Rxb5 34. Nd4 Rb7 35. Kb3 Bb6 36. Nec2 Rd7 37. Kc4 e5 38. Nb3 Rd1 39. Nxb4 Rg1 40. Nd5 Bd8 41. Nc5 Rxg2 42. b4 h5 43. Nb7 Rc2+ 44. Kb3 Rc8 45. b5 Kf8 46. Nxd8 Rxd8 47. b6 g5 48. Kb4 h4 49. gxh4 gxh4 50. Ne3 h3 51. Ng4 Rd2 52. Kc3 Rd6 53. b7 Rb6 54. Kd2 Rxb7 0-1

[Event "Quebec op"]
[Site "Laval"]
[Date "2022.09.03"]
[Round "4"]
[White "Turcotte, Jonathan"]
[Black "Han, Johnathan"]
[Result "0-1"]
[WhiteElo "1940"]
[BlackElo "2074"]
[PlyCount "80"]
[EventDate "2022.09.01"]
[EventType "swiss"]
[EventRounds "9"]
[EventCountry "CAN"]
[SourceTitle "CBM 210 Extra"]
[Source "ChessBase"]
[SourceDate "2022.11.30"]
[SourceVersion "1"]
[SourceVersionDate "2022.11.30"]
[SourceQuality "1"]

1. d4 Nf6 2. c4 e6 3. Nf3 b6 4. g3 Bb7 5. Bg2 Be7 6. 0-0 0-0 7. Re1 Na6 8. a3 d5 9. cxd5 exd5 10. Nc3 c5 11. Bf4 Ne4 12. Rc1 Bf6 13. e3 Re8 14. h4 Nc7 15. Be5 Ne6 16. Bxf6 Qxf6 17. dxc5 N6xc5 18. Qc2 Rac8 19. Red1 Red8 20. Nd4 g6 21. Qe2 Ba6 22. Ncb5 Qe5 23. b4 Na4 24. Qe1 Nb2 25. Rxc8 Rxc8 26. f4 Qe7 27. Rc1 Rxc1 28. Qxc1 Nc4 29. Nc6 Qe8 30. Nbxa7 Nxg3 31. Kh2 Ne2 32. Qe1 Qxe3 33. Bxd5 Qxf4+ 34. Kh1 Qg4 35. Kh2 Ne3 36. Bxf7+ Kg7 37. Qf2 Nf1+ 38. Qxf1 Qg3+ 39. Kh1 Qxh4+ 40. Kg2 Nf4+ 0-1

[Event "Le Blanc et Noir Gp-A op"]
[Site "St Jean sur Richelieu"]
[Date "2020.01.18"]
[Round "2"]
[White "Hernandez, Juan Felipe"]
[Black "Turcotte, Jonathan"]
[Result "1/2-1/2"]
[WhiteElo "1655"]
[BlackElo "1939"]
[PlyCount "46"]
[EventDate "2020.01.17"]
[EventType "swiss"]
[EventRounds "5"]
[EventCountry "CAN"]
[SourceTitle "CBM 194 Extra"]
[Source "ChessBase"]
[SourceDate "2020.03.31"]
[SourceVersion "1"]
[SourceVersionDate "2020.03.31"]
[SourceQuality "1"]

1. e4 c6 2. d4 d5 3. Nc3 dxe4 4. Nxe4 Bf5 5. Ng3 Bg6 6. h4 h6 7. Nf3 Nd7 8. h5 Bh7 9. Bd3 Bxd3 10. Qxd3 e6 11. Bd2 Ngf6 12. 0-0-0 Be7 13. Kb1 0-0 14. Ne4 Nxe4 15. Qxe4 Nf6 16. Qe2 Qd5 17. Ne5 Qe4 18. Qxe4 Nxe4 19. Be1 Rfd8 20. f3 Nf6 21. c4 Nd7 22. Bf2 Nxe5 23. dxe5 b6 1/2-1/2

[Event "Contrecoeur op 7th"]
[Site "Contrecoeur"]
[Date "2019.11.03"]
[Round "4"]
[White "Saha, Ananda"]
[Black "Turcotte, Jonathan"]
[Result "1-0"]
[WhiteElo "2026"]
[BlackElo "1966"]
[PlyCount "69"]
[EventDate "2019.11.01"]
[EventType "swiss"]
[EventRounds "5"]
[EventCountry "CAN"]
[SourceTitle "CBM 193 Extra"]
[Source "ChessBase"]
[SourceDate "2020.01.31"]
[SourceVersion "1"]
[SourceVersionDate "2020.01.31"]
[SourceQuality "1"]

1. e4 c6 2. d4 d5 3. e5 Bf5 4. Nf3 e6 5. Be2 c5 6. Be3 Qb6 7. Nc3 Nc6 8. 0-0 Qxb2 9. Qe1 cxd4 10. Bxd4 Nxd4 11. Nxd4 Bb4 12. Rb1 Bxc3 13. Rxb2 Bxe1 14. Rxe1 b6 15. Bb5+ Kf8 16. Nxf5 exf5 17. Bd7 Ne7 18. Rb3 Rd8 19. e6 fxe6 20. Bxe6 d4 21. Rb4 Rd6 22. Rc4 g6 23. Rc7 a5 24. Bb3 Nd5 25. Rb7 Rg8 26. Re5 Rg7 27. Rb8+ Kf7 28. Bxd5+ Kf6 29. f4 Re7 30. Rxe7 Kxe7 31. Rb7+ Kd8 32. Bf3 h6 33. h4 Kc8 34. Rh7 h5 35. Rg7 1-0

[Event "Contrecoeur op 7th"]
[Site "Contrecoeur"]
[Date "2019.11.03"]
[Round "5"]
[White "Turcotte, Jonathan"]
[Black "Zhong, Kevin"]
[Result "0-1"]
[WhiteElo "1966"]
[BlackElo "2074"]
[PlyCount "66"]
[EventDate "2019.11.01"]
[EventType "swiss"]
[EventRounds "5"]
[EventCountry "CAN"]
[SourceTitle "CBM 193 Extra"]
[Source "ChessBase"]
[SourceDate "2020.01.31"]
[SourceVersion "1"]
[SourceVersionDate "2020.01.31"]
[SourceQuality "1"]

1. d4 Nf6 2. c4 e6 3. Nf3 c5 4. d5 exd5 5. cxd5 d6 6. Nc3 g6 7. h3 Bg7 8. e4 0-0 9. Bd3 Re8 10. 0-0 a6 11. a4 Nh5 12. Bg5 Bf6 13. Bh6 Nd7 14. Re1 Rb8 15. Qd2 Ne5 16. Be2 Ng7 17. a5 b5 18. axb6 Qxb6 19. Reb1 Nxf3+ 20. Bxf3 Be5 21. Be3 Qc7 22. Be2 Rb6 23. Qc2 f5 24. Na4 Rb4 25. Bc4 Bd4 26. Bd2 Rb8 27. exf5 Bxf5 28. Bd3 Bxd3 29. Qxd3 Qf7 30. Rf1 Qxd5 31. Qxa6 Nf5 32. Rac1 Ng3 33. Rfe1 Bxf2+ 0-1

[Event "Laval op"]
[Site "Laval"]
[Date "2019.06.23"]
[Round "4"]
[White "Turcotte, Jonathan"]
[Black "Saha, Ananda"]
[Result "0-1"]
[WhiteElo "1982"]
[BlackElo "2059"]
[PlyCount "58"]
[EventDate "2019.06.21"]
[EventType "swiss"]
[EventRounds "5"]
[EventCountry "CAN"]
[SourceTitle "CBM 191 Extra"]
[Source "ChessBase"]
[SourceDate "2019.09.30"]
[SourceVersion "1"]
[SourceVersionDate "2019.09.30"]
[SourceQuality "1"]

1. d4 Nf6 2. c4 g6 3. Nc3 Bg7 4. e4 d6 5. Be2 0-0 6. Nf3 e5 7. 0-0 Nh5 8. Re1 Nf4 9. Bf1 Bg4 10. d5 f5 11. h3 Bh5 12. exf5 gxf5 13. Bxf4 exf4 14. Rc1 Nd7 15. Be2 Bxf3 16. Bxf3 Ne5 17. b3 a6 18. a4 Qg5 19. Nb1 Rae8 20. Bh5 Re7 21. Nc3 Rf6 22. Kh1 Rh6 23. Bf3 Bf6 24. Na2 Rg7 25. Kh2 Ng4+ 26. Kg1 Rxh3 27. Bxg4 Qxg4 28. Qxg4 Rxg4 29. Re6 f3 0-1

[Event "Quebec-ch qual"]
[Site "Montreal"]
[Date "2019.02.02"]
[Round "2.1"]
[White "Turcotte, Jonathan"]
[Black "Masse, Hugues"]
[Result "1/2-1/2"]
[WhiteElo "2080"]
[BlackElo "2288"]
[PlyCount "134"]
[EventDate "2019.02.02"]
[EventType "swiss"]
[EventRounds "4"]
[EventCountry "CAN"]
[SourceTitle "EXT 2022"]
[Source "ChessBase"]
[SourceDate "2021.10.06"]
[SourceVersion "1"]
[SourceVersionDate "2021.10.06"]
[SourceQuality "1"]

1. d4 Nf6 2. c4 e6 3. Nf3 b6 4. g3 Ba6 5. b3 Bb7 6. Bg2 Bb4+ 7. Bd2 c5 8. d5 0-0 9. 0-0 exd5 10. Nh4 Ne4 11. Bxb4 cxb4 12. cxd5 Qf6 13. Nd2 Nc3 14. Ne4 Qe5 15. Nxc3 bxc3 16. e4 d6 17. f4 Qf6 18. Re1 Nd7 19. Rc1 Rac8 20. Bh3 Rc7 21. Qd3 Re8 22. Nf5 g6 23. Nh6+ Kf8 24. Bxd7 Rxd7 25. Ng4 Qg7 26. Qxc3 Qxc3 27. Rxc3 Kg7 28. e5 Rc8 29. Rxc8 Bxc8 30. Rc1 Rd8 31. Nf6 Bb7 32. Rc7 dxe5 33. Rxb7 Kxf6 34. fxe5+ Kxe5 35. Rxf7 a5 36. Rxh7 Rxd5 37. Re7+ Kf5 38. Re2 g5 39. Kg2 g4 40. Rf2+ Kg5 41. Rc2 Rd4 42. h3 gxh3+ 43. Kxh3 Rd6 44. Re2 Rh6+ 45. Kg2 Rc6 46. Rd2 Kf5 47. Kf2 Rc3 48. Kg2 Kg4 49. Rd4+ Kf5 50. Kh3 Rc2 51. Rd5+ Ke6 52. Rb5 Rxa2 53. Rxb6+ Kf5 54. Rb5+ Kg6 55. Kh4 a4 56. Rb6+ Kf7 57. b4 a3 58. Kg5 Rf2 59. Rb7+ Kg8 60. g4 Rf7 61. Rb8+ Kg7 62. Ra8 Rb7 63. Rxa3 Rb5+ 64. Kh4 Rxb4 65. Kh5 Rb5+ 66. g5 Rb6 67. Ra7+ Kg8 1/2-1/2

[Event "Contrecoeur-A"]
[Site "Contrecoeur"]
[Date "2018.11.04"]
[Round "5.5"]
[White "Turcotte, Jonathan"]
[Black "Tanaka, Taira Tyler"]
[Result "1/2-1/2"]
[WhiteElo "2053"]
[BlackElo "2156"]
[PlyCount "57"]
[EventDate "2018.11.02"]
[EventType "swiss"]
[EventRounds "5"]
[EventCountry "CAN"]
[SourceTitle "EXT 2022"]
[Source "ChessBase"]
[SourceDate "2021.10.06"]
[SourceVersion "1"]
[SourceVersionDate "2021.10.06"]
[SourceQuality "1"]

1. d4 Nf6 2. c4 g6 3. Nc3 Bg7 4. e4 d6 5. Be2 0-0 6. Nf3 c5 7. d5 e6 8. 0-0 exd5 9. cxd5 Bg4 10. Bf4 a6 11. a4 Bxf3 12. Bxf3 Qe7 13. e5 dxe5 14. d6 Qd7 15. Bxe5 Nc6 16. Bg3 Rad8 17. a5 Nd4 18. Rb1 Nf5 19. b4 Nxg3 20. hxg3 cxb4 21. Rxb4 Qxd6 22. Qxd6 Rxd6 23. Bxb7 Rb8 24. Rfb1 Nd7 25. Ne4 Re6 26. Bd5 Rxb4 27. Rxb4 Re5 28. Bc6 Bf8 29. Ra4 1/2-1/2

[Event "Quebec op"]
[Site "Quebec"]
[Date "2018.07.22"]
[Round "2"]
[White "Lemieux, Serge"]
[Black "Turcotte, Jonathan"]
[Result "1/2-1/2"]
[WhiteElo "1702"]
[BlackElo "1941"]
[PlyCount "47"]
[EventDate "2018.07.21"]
[EventType "swiss"]
[EventRounds "9"]
[EventCountry "CAN"]
[SourceTitle "CBM 186 Extra"]
[Source "ChessBase"]
[SourceDate "2018.08.24"]
[SourceVersion "1"]
[SourceVersionDate "2018.08.24"]
[SourceQuality "1"]

1. e4 c6 2. d4 d5 3. exd5 cxd5 4. Bd3 Nc6 5. c3 Qc7 6. h3 Nf6 7. Ne2 Bd7 8. Bf4 e5 9. dxe5 Nxe5 10. 0-0 Bd6 11. Re1 0-0 12. Bg3 Ne4 13. Bxe4 dxe4 14. Bxe5 Bxe5 15. Nd4 f5 16. Qb3+ Kh8 17. Ne6 Bxe6 18. Qxe6 Rae8 19. Qb3 Rd8 20. Na3 a6 21. Nc4 Bh2+ 22. Kh1 b5 23. Ne3 Rd2 24. Nf1 1/2-1/2

[Event "Trois-Rivieres op"]
[Site "Trois Rivieres"]
[Date "2018.03.18"]
[Round "5.16"]
[White "Durette, Francis"]
[Black "Turcotte, Jonathan"]
[Result "1-0"]
[WhiteElo "2128"]
[BlackElo "1953"]
[PlyCount "63"]
[EventDate "2018.03.16"]
[EventType "swiss"]
[EventRounds "5"]
[EventCountry "CAN"]
[SourceTitle "EXT 2022"]
[Source "ChessBase"]
[SourceDate "2021.10.06"]
[SourceVersion "1"]
[SourceVersionDate "2021.10.06"]
[SourceQuality "1"]

1. c4 c6 2. d4 d5 3. e3 Nf6 4. Nc3 e6 5. Nf3 Nbd7 6. Qc2 Bd6 7. b3 0-0 8. Bb2 b6 9. Bd3 Bb7 10. 0-0 Rc8 11. Rad1 Qe7 12. e4 dxe4 13. Nxe4 Nxe4 14. Bxe4 Nf6 15. Bd3 c5 16. dxc5 Bxc5 17. Bxf6 Qxf6 18. Bxh7+ Kh8 19. Be4 Bxe4 20. Qxe4 Rcd8 21. Qg4 g6 22. Qg5 Kg7 23. Qe5 Rh8 24. h3 a5 25. Qc7 Rhf8 26. Rfe1 Rh8 27. Qe5 Rhe8 28. g3 Rh8 29. Kg2 Rhe8 30. Qc7 Rh8 31. Rxd8 Rxd8 32. Rxe6 1-0

[Event "Transcontinental hivernal ABCDE"]
[Site "Montreal"]
[Date "2018.02.23"]
[Round "1"]
[White "Turcotte, Jonathan"]
[Black "Latreche, Sabrina"]
[Result "0-1"]
[WhiteElo "2044"]
[BlackElo "2004"]
[PlyCount "94"]
[EventDate "2018.02.23"]
[EventType "swiss"]
[EventRounds "5"]
[EventCountry "CAN"]
[SourceTitle "EXT 2022"]
[Source "ChessBase"]
[SourceDate "2021.10.06"]
[SourceVersion "1"]
[SourceVersionDate "2021.10.06"]
[SourceQuality "1"]

1. d4 d5 2. c4 c6 3. Nf3 Nf6 4. Nc3 e6 5. Bg5 h6 6. Bh4 Be7 7. e3 Qa5 8. Nd2 Nbd7 9. Be2 0-0 10. 0-0 Re8 11. a3 dxc4 12. Nxc4 Qd8 13. b4 Nd5 14. Bxe7 Qxe7 15. Rc1 N7f6 16. Ne5 Bd7 17. Qb3 Rac8 18. Na4 Rc7 19. Nc5 Rec8 20. Rc2 Be8 21. Rfc1 Nd7 22. Nc4 Nxc5 23. bxc5 Rb8 24. Rb2 b5 25. Nd6 a5 26. e4 Nf4 27. Bf1 Qg5 28. Rcb1 e5 29. Qc3 exd4 30. Qxa5 Re7 31. Qb4 Ne6 32. Nf5 Ra7 33. Nxd4 Nxd4 34. Qxd4 Rxa3 35. Rd1 Rba8 36. g3 R3a4 37. Rb4 Rxb4 38. Qxb4 Ra4 39. Qc3 Rxe4 40. Bg2 Rc4 41. Qe1 Kf8 42. h4 Qe7 43. Qxe7+ Kxe7 44. Re1+ Kd8 45. Re5 f6 46. Rf5 Bd7 47. Rf4 Rxc5 0-1

[Event "Granby op"]
[Site "Granby"]
[Date "2017.11.26"]
[Round "5"]
[White "Huang, Qiuyu"]
[Black "Turcotte, Jonathan"]
[Result "1-0"]
[WhiteElo "2267"]
[BlackElo "2039"]
[PlyCount "95"]
[EventDate "2017.11.24"]
[EventType "swiss"]
[EventRounds "5"]
[EventCountry "CAN"]
[SourceTitle "EXT 2022"]
[Source "ChessBase"]
[SourceDate "2021.10.06"]
[SourceVersion "1"]
[SourceVersionDate "2021.10.06"]
[SourceQuality "1"]

1. e4 c6 2. d4 d5 3. exd5 cxd5 4. Bd3 Nc6 5. c3 Qc7 6. h3 Nf6 7. Nf3 g6 8. Qc2 Bg7 9. 0-0 0-0 10. Re1 Bd7 11. Ne5 Rfe8 12. Bf4 Nh5 13. Bh2 Bxe5 14. dxe5 Qc8 15. Nd2 Bf5 16. Nf3 Nb4 17. cxb4 Qxc2 18. Bxc2 Bxc2 19. Nd4 Ba4 20. b5 a6 21. b6 e6 22. b3 Bd7 23. Rac1 Rec8 24. b4 Ng7 25. g4 Ne8 26. Nb3 Rxc1 27. Rxc1 Rc8 28. Rc5 h6 29. Na5 Rb8 30. f4 Kf8 31. Bg3 Bb5 32. Kf2 Ke7 33. f5 gxf5 34. gxf5 Bd3 35. f6+ Kd7 36. Bf4 h5 37. Be3 Bb5 38. Bd4 Bd3 39. h4 Bg6 40. Ke3 Bf5 41. Bc3 Bc2 42. Kd4 Be4 43. Bd2 Bf5 44. Bh6 Be4 45. Bf8 Bb1 46. a3 Bg6 47. Bd6 Nxd6 48. Rc7+ 1-0

[Event "Montreal Varennes op"]
[Site "Montreal"]
[Date "2017.10.07"]
[Round "3"]
[White "Turcotte, Jonathan"]
[Black "Zhong, Kevin"]
[Result "0-1"]
[WhiteElo "1980"]
[BlackElo "1822"]
[PlyCount "62"]
[EventDate "2017.10.06"]
[EventType "swiss"]
[EventRounds "5"]
[EventCountry "CAN"]
[SourceTitle "CBM 181 Extra"]
[Source "ChessBase"]
[SourceDate "2017.12.12"]
[SourceVersion "1"]
[SourceVersionDate "2017.12.12"]
[SourceQuality "1"]

1. d4 d5 2. c4 e6 3. Nf3 c5 4. cxd5 exd5 5. Nc3 Nc6 6. g3 Nf6 7. Bg2 Be7 8. 0-0 0-0 9. Bg5 c4 10. Ne5 Be6 11. f4 Ng4 12. Bxe7 Nxe7 13. Qd2 Nxe5 14. fxe5 Qa5 15. Rad1 Kh8 16. Qg5 Rfe8 17. h4 b5 18. a3 b4 19. axb4 Qxb4 20. Rd2 h6 21. Qh5 a5 22. g4 a4 23. Nb1 a3 24. bxa3 Rxa3 25. g5 Nf5 26. gxh6 Nxh6 27. e4 c3 28. Rdf2 Ra1 29. Rf6 Rxb1 30. Rxh6+ gxh6 31. Qxh6+ Kg8 0-1

[Event "Montreal op"]
[Site "Montreal"]
[Date "2017.09.08"]
[Round "1"]
[White "Luksza, Arkadiusz"]
[Black "Turcotte, Jonathan"]
[Result "1/2-1/2"]
[WhiteElo "2108"]
[BlackElo "1955"]
[PlyCount "114"]
[EventDate "2017.09.08"]
[EventType "swiss"]
[EventRounds "5"]
[EventCountry "CAN"]
[SourceTitle "CBM 180 Extra"]
[Source "ChessBase"]
[SourceDate "2017.10.06"]
[SourceVersion "1"]
[SourceVersionDate "2017.10.06"]
[SourceQuality "1"]

1. Nf3 d5 2. g3 Nf6 3. Bg2 Bf5 4. 0-0 e6 5. d3 h6 6. Nbd2 Be7 7. Re1 0-0 8. c4 c6 9. Qb3 Qb6 10. Qxb6 axb6 11. e4 dxe4 12. dxe4 Bh7 13. e5 Nfd7 14. Ne4 Na6 15. Bd2 Nb4 16. Bxb4 Bxb4 17. Red1 Rad8 18. Nc3 Nc5 19. Rxd8 Rxd8 20. Nd1 Nd3 21. a3 Be7 22. Bf1 Be4 23. Be2 g5 24. h3 Bxf3 25. Bxf3 Nxe5 26. Be2 Bf6 27. Kf1 Rd4 28. Rc1 c5 29. Rc2 Nc6 30. Ne3 Rd7 31. Bg4 Bg7 32. Nd5 f5 33. Nxb6 Rd6 34. Bh5 Nd4 35. Nc8 Nxc2 36. Nxd6 Bxb2 37. a4 Kf8 38. Nxb7 Bd4 39. a5 Nb4 40. Bd1 Nc6 41. a6 Ke7 42. Ba4 Na7 43. Ke2 e5 44. f3 h5 45. g4 hxg4 46. hxg4 fxg4 47. fxg4 e4 48. Bc2 e3 49. Bf5 Nc6 50. Na5 Kd6 51. Be4 Ne7 52. Kd3 Kc7 53. Bf3 Kb6 54. Nb3 Nc6 55. a7 Ne5+ 56. Ke4 Kxa7 57. Nxd4 cxd4 1/2-1/2

[Event "Laval op"]
[Site "Laval"]
[Date "2017.06.24"]
[Round "2"]
[White "Turcotte, Jonathan"]
[Black "Lopez Linares, Lizandro Fernando"]
[Result "0-1"]
[WhiteElo "1985"]
[BlackElo "2136"]
[PlyCount "80"]
[EventDate "2017.06.23"]
[EventType "swiss"]
[EventRounds "5"]
[EventCountry "CAN"]
[SourceTitle "CBM 179 Extra"]
[Source "ChessBase"]
[SourceDate "2017.08.23"]
[SourceVersion "1"]
[SourceVersionDate "2017.08.23"]
[SourceQuality "1"]

1. d4 d5 2. c4 c6 3. Nf3 Nf6 4. Nc3 dxc4 5. a4 Bf5 6. e3 e6 7. Bxc4 Bb4 8. 0-0 0-0 9. Qe2 Bg4 10. h3 Bh5 11. Rd1 Nbd7 12. e4 Re8 13. Bf4 Qa5 14. g4 Bg6 15. Bd3 Rad8 16. Na2 c5 17. Nxb4 Qxb4 18. Bd2 Qb6 19. a5 Qc6 20. Re1 c4 21. Bc2 b5 22. axb6 axb6 23. Nh4 Nf8 24. Bc3 b5 25. Nxg6 Nxg6 26. Qe3 Rb8 27. f4 Qc7 28. Bd2 b4 29. Ba4 Re7 30. Qf3 Qb7 31. f5 exf5 32. gxf5 Nxe4 33. Bxb4 Nh4 34. Qf4 Ng5 35. Bc6 Nxh3+ 36. Kh2 Nxf4 37. Bxb7 Rexb7 38. Bd6 Nf3+ 39. Kg3 Nxe1 40. Bxb8 Rxb8 0-1